Music Quiz

Random Music or Artist Quiz

Three Hits in One Year IV Quiz Stats

 Plays Quiz Updated May 31, 2018

Support Sporcle.
Go Orange.
Score 0/30 Timer 06:00
0 Plays Today
% Correct
The Beatles
93%
Prince and the Revolution
92.6%
Bruce Springsteen
92.3%
Madonna
85.3%
Fleetwood Mac
83.6%
Tears for Fears
78.9%
Culture Club
78.8%
Elvis Presley
78.4%
'N Sync
76.1%
Snoop Doggy Dogg
73.3%
Rihanna
69.8%
INXS
67.3%
Three Dog Night
62.3%
The Guess Who
60.9%
Diana Ross
60.4%
% Correct
New Kids on the Block
60.2%
En Vogue
58.6%
Marvin Gaye & Tammi Terrell
57.6%
Captain & Tennille
53.5%
Alicia Keys
51.8%
Wilson Phillips
50.9%
Cardi B
49.6%
Andy Gibb
49.5%
Drake
49.2%
Kendrick Lamar
49%
Timbaland
48.3%
Mariah Carey
48.2%
Ariana Grande
48%
Bon Jovi
47%
Post Malone
42.7%

You're not logged in!

Compare scores with friends on all Sporcle quizzes.
OR
Log In

From the Vault

Crossword: Snack Time

by Purple_Parrot

What could be more patriotic than excessive snack consumption?
Remove Ads.
Support Sporcle.
Get the best of Sporcle when you Go Orange. This ad-free experience offers more features, more stats, and more fun while also helping to support Sporcle. Thank you for becoming a member.

Show Comments

Extras

Top Quizzes Today


Score Distribution

Your Account Isn't Verified!

In order to create a playlist on Sporcle, you need to verify the email address you used during registration. Go to your Sporcle Settings to finish the process.

Report this User

Report this user for behavior that violates our Community Guidelines.

Details: